Tennis: most weeks in ATP top ten without reaching # 1 - Statistics

General Stats
  • This quiz has been taken 170 times
  • The average score is 4 of 10
Answer Stats
Weeks in top ten Player % Correct
326* Alexander Zverev
82%
358 David Ferrer
63%
300 Juan Martin Del Potro
53%
369 Tomas Berdych
47%
369 Michael Chang
44%
328 Goran Ivanisevic
33%
268 Nikolay Davydenko
31%
493 Guillermo Vilas
27%
288 Vitas Gerulaitis
15%
275 Yannick Noah
15%
No matching quizzes found
Score Distribution
Percent of People with Each Score
Percentile by Number Answered
Your Score History
You have not taken this quiz